| 000 -LEADER |
| fixed length control field |
00571nam a2200217Ia 4500 |
| 001 - CONTROL NUMBER |
| control field |
7803 |
| 003 - CONTROL NUMBER IDENTIFIER |
| control field |
GE_BSU |
| 005 - DATE AND TIME OF LATEST TRANSACTION |
| control field |
20220926121113.0 |
| 008 - FIXED-LENGTH DATA ELEMENTS--GENERAL INFORMATION |
| fixed length control field |
181216s2008 en |||||||||||||| ||eng|| |
| 020 ## - INTERNATIONAL STANDARD BOOK NUMBER |
| International Standard Book Number |
978047174057 |
| 040 ## - CATALOGING SOURCE |
| Transcribing agency |
GE_BSU |
| 041 ## - LANGUAGE CODE |
| Language code of text/sound track or separate title |
eng |
| 080 ## - UNIVERSAL DECIMAL CLASSIFICATION NUMBER |
| Universal Decimal Classification number |
640 W-20 |
| 100 ## - MAIN ENTRY--PERSONAL NAME |
| Personal name |
Walker R,John |
| 9 (RLIN) |
14791 |
| 245 #4 - TITLE STATEMENT |
| Title |
The Restaurant : |
| Remainder of title |
From concept to operation / |
| Statement of responsibility, etc. |
John R. Walker |
| 264 ## - PRODUCTION, PUBLICATION, DISTRIBUTION, MANUFACTURE, AND COPYRIGHT NOTICE |
| Place of production, publication, distribution, manufacture |
New Jersey : |
| Name of producer, publisher, distributor, manufacturer |
Hoboken, |
| Date of production, publication, distribution, manufacture, or copyright notice |
2008. |
| 300 ## - PHYSICAL DESCRIPTION |
| Extent |
493 p. : |
| Other physical details |
Ill. |
| Dimensions |
24 cm. |
| 653 ## - INDEX TERM--UNCONTROLLED |
| keyword |
The Restaurant |
| 653 ## - INDEX TERM--UNCONTROLLED |
| keyword |
რესტორანი |
| 942 ## - ADDED ENTRY ELEMENTS (KOHA) |
| Koha item type |
წიგნი |
| Source of classification or shelving scheme |
|